A drog- és alkoholfüggőség hatásai az egyénre, családjára és közvetlen környezetére
| Main Author: | |
|---|---|
| Other Authors: | |
| Format: | Final Paper |
| Kulcsszavak: | alkoholizmus család függőség gyermekkor rehabilitáció |
| Online Access: | http://dolgozattar.uni-bge.hu/59967 |
MARC
| LEADER | 00000nta a2200000 i 4500 | ||
|---|---|---|---|
| 001 | dolg59967 | ||
| 005 | 20260409145818.0 | ||
| 008 | 260409suuuu hu o 000 hun d | ||
| 040 | |a BGE Dolgozattár Repozitórium |b hun | ||
| 041 | |a hu | ||
| 100 | 1 | |a Anda Enikő | |
| 245 | 1 | 2 | |a A drog- és alkoholfüggőség hatásai az egyénre, családjára és közvetlen környezetére |c Anda Enikő |h [elektronikus dokumentum] |
| 516 | |a Final_paper | ||
| 520 | 3 | |a Bevezetésként indokoltam a témaválasztásomat, majd bemutattam a kutatási kérdéseimet. Szakdolgozatom szakirodalmi részében összegyűjtöttem számos, drog-és alkoholfüggőséggel kapcsolatos tudnivalót, kifejtettem, mely tényezők befolyásolják, segítik elő a szerfüggőség kialakulását, bemutattam a kialakulás folyamatát valamint azt, mindez hogyan hat a szerhasználóra, családjára és közvetlen környezetére. Kutatásomat a kecskeméti RÉV Szenvedélybeteg-segítő Szolgálatnál készítettem, ahol 4 alkoholfüggővel és 2 segítővel készítettem mélyinterjúkat a témában. A mélyinterjúk során a korábban elkészített és jóváhagyott mélyinterjús vezérfonalak alapján tettem fel kérdéseimet minden interjúalanynak. Ezáltal megismerhettem, az érintettek hogyan élték meg függőségüket, illetve a segítők is beavattak a szakma rejtelmeibe, örömeibe, nehézségeibe, valamint megosztották velem a segítségnyújtás során használatos módszereiket is. Végül levontam a következtetéseket és összefoglaltam a kutatásom eredményeit. | |
| 695 | |a alkoholizmus | ||
| 695 | |a család | ||
| 695 | |a függőség | ||
| 695 | |a gyermekkor | ||
| 695 | |a rehabilitáció | ||
| 700 | 1 | |a Nagy Zsolt György |e ths | |
| 856 | 4 | 0 | |u http://dolgozattar.uni-bge.hu/59967/1/Szakdolgozat_Anda%20Enik%C5%91_EWYMBF_MH.pdf |z Dokumentum-elérés |
| 856 | 4 | 0 | |u http://dolgozattar.uni-bge.hu/59967/2/Anda%20Enik%C5%91_kulso_biralat.pdf |z Dokumentum-elérés |
| 856 | 4 | 0 | |u http://dolgozattar.uni-bge.hu/59967/3/Anda%20Enik%C5%91_b%C3%ADr%C3%A1lat.pdf |z Dokumentum-elérés |